Ineffabilis Deus : epístola apostólica del Papa Pío IX sobre la Inmaculada Concepción, 8 de diciembre de 1854 /

Detalles Bibliográficos
Autor Corporativo: Catholic Church. Pope (1846-1878 : Pius IX) (Autor)
Formato: Electrónico eBook
Lenguaje:español
Publicado: [Quito, Ecuador] : Cervantes Digital, [2023]
Materias:
Acceso en línea:Digitalia Hispánica

MARC

LEADER 00000nam a2200000 i 4500
001 DIGCERVAN0092
003 NyNyDIG
007 cr |||||||||||
008 230710s2023 ec o 000 0 spa d
006 m o d
035 |a (OCoLC)1390760385 
040 |a DGITA  |b eng  |e rda  |e pn  |c DGITA 
020 |a 9791222098531  |q eBook 
050 1 4 |a BT620 ebook 
110 2 |a Catholic Church.  |b Pope (1846-1878 : Pius IX),  |e author. 
240 1 0 |a Ineffabilis Deus (8 Dec. 1854).  |l Spanish 
245 1 0 |a Ineffabilis Deus :  |b epístola apostólica del Papa Pío IX sobre la Inmaculada Concepción, 8 de diciembre de 1854 /  |c Papa Pío IX. 
264 1 |a [Quito, Ecuador] :  |b Cervantes Digital,  |c [2023] 
300 |a 1 online resource. 
336 |a text  |b txt  |2 rdacontent 
337 |a computer  |b c  |2 rdamedia 
338 |a online resource  |b cr  |2 rdacarrier 
347 |a text file  |2 rdaft 
347 |b EPUB 
588 0 |a Online resource; title from ePub title page (Digitalia, viewed July 10, 2023) 
650 0 |a Immaculate Conception. 
710 2 |i Translation of:  |a Catholic Church.  |b Pope (1846-1878 : Pius IX).  |t Ineffabilis Deus. 
791 2 |a Digitalia (Firm),  |e distributor. 
793 0 |g Digitalia eBook Collection:  |a Cervantes Digital 
856 4 0 |3 Digitalia Hispánica  |u https://www.digitaliapublishing.com/a/127564/ 
910 |a Premium collection: 2023